Central Library OPAC University of Rajshahi

হিসাব বিজ্ঞান ও উৎপাদন ব্যয় হিসাব বিজ্ঞান থিওরী = Acconting and cost Accounting theory / (Record no. 48319)

MARC details
000 -LEADER
fixed length control field 01013nam a2200241 a 4500
001 - CONTROL NUMBER
control field 48319
003 - CONTROL NUMBER IDENTIFIER
rucl marc code BD-RjUL
005 - DATE AND TIME OF LATEST TRANSACTION
control field 20211209054512.0
008 - FIXED-LENGTH DATA ELEMENTS--GENERAL INFORMATION
fixed length control field 160813s2000 b ||||| |||| 00| 0 eng d
020 ## - INTERNATIONAL STANDARD BOOK NUMBER
Terms of availability : Tk.100
035 ## - SYSTEM CONTROL NUMBER
System control number (BD-RjUL)48438
040 ## - CATALOGING SOURCE
Original cataloging agency BD-RjUL
Language of cataloging ben
Transcribing agency BD-RjUL
041 ## - LANGUAGE CODE
Language code of text/sound track or separate title ben
082 ## - DEWEY DECIMAL CLASSIFICATION NUMBER
Edition number 23
Classification number 657.421
Author mark and year ULH 2000
100 1# - MAIN ENTRY--PERSONAL NAME
Personal name উল্লাহ, মোঃ ওয়ালী,
9 (RLIN) 146280
245 10 - TITLE STATEMENT
Title হিসাব বিজ্ঞান ও উৎপাদন ব্যয় হিসাব বিজ্ঞান থিওরী = Acconting and cost Accounting theory /
Statement of responsibility, etc. মোঃ ওয়ালী উল্লাহ
250 ## - EDITION STATEMENT
Edition statement ৩য় সং.
260 ## - PUBLICATION, DISTRIBUTION, ETC. (IMPRINT)
Place of publication, distribution, etc. ঢাকা :
Name of publisher, distributor, etc. আবীদ পাবলিকেশনস,
Date of publication, distribution, etc. ২০০০
300 ## - PHYSICAL DESCRIPTION
Pagination ৭১৪ পৃ ;
Size ২১ সেমি
650 ## - SUBJECT ADDED ENTRY--TOPICAL TERM
Topical term or geographic name as entry element উৎপাদন ব্যয় হিসাব বিজ্ঞান
Form subdivision তত্ত্ব
9 (RLIN) 146281
Topical term or geographic name as entry element Cost accounting.
Form subdivision theory
9 (RLIN) 146282
942 ## - ADDED ENTRY ELEMENTS (KOHA)
Source of classification or shelving scheme Dewey Decimal Classification
Koha item type Books
Holdings
Lost status Source of classification or shelving scheme Damaged status Not for loan Collection code Permanent Location Current Location Shelving location Date acquired Source of acquisition Cost, normal purchase price Total Checkouts Full call number Date last seen Copy number Koha item type
  Dewey Decimal Classification     Non-fiction Central Library, University of Rajshahi Central Library, University of Rajshahi   28/06/2001 Author 100.00   B 657.42 ULH 2000 13/08/2016 C-2 Books